00927nam a22002537a 4500003000500000005001700005008004100022010000900063011000900072035000900081040000900090100003800099245018900137260004000326300001000366500001100376502010900387650001900496650002800515650003300543650001700576650002600593710005400619CHAP20220329133446.0971013s1992 r 00010 d a6604 a7576 a6799 cCHAP00aMachado Cabello, Martín Homero. aToxicidad de Hippocratea spp (Hippocrateaceae) en larvas de Aedes aegypti, Culex quinquefasciatus, (Diptera: Culicidae) y Spodoptera frugiperda (Lepidoptera: Noctuidae), en laboratorio aChapingo, Méx. :bEl autor,c1992 a47 h. a62-247 aTesis (Ing. Agr. Esp. en Parasitología Agrícola) -- UACH. Departamento de Parasitología Agrícola14aAedes aegypti.14aCulex quinquefasciatus.14aGusano cogollero del maíz.14aHippocratea.14aPlantas insecticidas.0 aUACH. Departamento de Parasitología Agrícola.